WWE Royal Rumble - Qui a éliminé Big Show ? - Statistiques

Statistiques générales
  • Ce quiz a été pris 239 fois
  • Le résultat moyen est 8 sur 12
Statistiques - réponses
Rumble Éliminé par % Correct
2009 Randy Orton
89%
2012 Randy Orton
89%
2002 Kane
86%
2015 Roman Reigns
86%
2006 Triple H
84%
2000 The Rock
80%
2001 The Rock
80%
2016 Braun Strowman
67%
2017 Braun Strowman
67%
2004 Chris Benoit
62%
2010 R-Truth
40%
2011 Ezekiel Jackson
20%
Aucun quiz correspondant
Distribution des résultats
% des personnes avec chaque résultat
Percentile par nombre de réponses
Votre historique - résultats
Vous n’avez pas pris ce quiz